| 000 | 01268nam a2200241 a 4500 | ||
|---|---|---|---|
| 005 | 20180803165404.0 | ||
| 008 | 140129b2004 ck ||||| |||| 00| 0 spa d | ||
| 040 | _cCO-BoIH | ||
| 041 | _aspa | ||
| 044 | _ack | ||
| 090 |
_aIAVH _b01035 |
||
| 100 |
_aRincón B., Sofía A. _94959 |
||
| 245 | _aLineamientos Guía para la inclusión de criterios de biodiversidad en los términos de referencia de los estudios de impacto ambiental de los sectores productivos | ||
| 260 |
_aBogotá _bInstituto Alexander von Humboldt _c2004 |
||
| 300 | _a25 p. | ||
| 520 | _aDiagnóstico preliminar sobre el estado de las consideraciones referentes a biodiversidad en la normatividad ambiental vigente, específicamente en lo relacionado con los términos de referencia para el desarrollo de Estudios de Impacto Ambiental, requisito para la obtención de la licencia ambiental de actividades productivas. Adicionalmente, se presentan recomendaciones técnicas o lineamientos para la inclusión de criterios de biodiversidad en dichos términos de referencia | ||
| 650 |
_aNormatividad ambiental _95792 |
||
| 650 |
_aLicencias ambientales _930741 |
||
| 650 |
_aEstudios de impacto ambiental _95793 |
||
| 650 |
_aBiodiversidad _992204 |
||
| 942 |
_cINFORME _2z |
||
| 945 | _d2008-09-19 | ||
| 999 |
_c6595 _d6595 |
||